[Event "Mecklenburg VP LL2 Ost 1617"]
[Site "Mecklenburg VP"]
[Date "2017.02.26"]
[Round "6.2"]
[White "Schumacher, Albrecht"]
[Black "Kilp, Gunnar"]
[Result "1/2-1/2"]
[WhiteElo "1961"]
[BlackElo "1664"]
[PlyCount "56"]
[EventDate "2016.10.16"]
[EventType "team-tourn"]
[EventRounds "9"]
[EventCountry "GER"]
[SourceTitle "EXT 2022"]
[Source "ChessBase"]
[SourceDate "2021.10.06"]
[SourceVersion "1"]
[SourceVersionDate "2021.10.06"]
[SourceQuality "1"]
[WhiteTeam "Waren Malchow"]
[BlackTeam "Torgelow Droegeheide II"]
[WhiteTeamCountry "GER"]
[BlackTeamCountry "GER"]

1. e4 c5 2. Nf3 Nc6 3. Bb5 g6 4. 0-0 Bg7 5. c3 a6 6. Ba4 b5 7. Bc2 Bb7 8. d4 cxd4 9. cxd4 Nb4 10. Bb3 e6 11. d5 a5 12. Nc3 Bxc3 13. bxc3 Na6 14. Qd4 f6 15. dxe6 dxe6 16. Bxe6 Qxd4 17. Nxd4 Nc7 18. Bf4 Nxe6 19. Nxe6 Kf7 20. Nc5 Bc6 21. Rfd1 Ne7 22. Rd6 Rhd8 23. Rad1 Rxd6 24. Rxd6 Rc8 25. f3 Bd5 26. Nd7 Be6 27. Bd2 Rc7 28. Nb6 Bxa2 1/2-1/2

[Event "Mecklenburg VP LL2 Ost 1415"]
[Site "Mecklenburg VP"]
[Date "2014.12.07"]
[Round "4.2"]
[White "Schumacher, Albrecht"]
[Black "Stoevesand, Peter"]
[Result "1-0"]
[WhiteElo "1950"]
[BlackElo "1864"]
[PlyCount "43"]
[EventDate "2014.09.21"]
[EventType "team-tourn"]
[EventRounds "9"]
[EventCountry "GER"]
[SourceTitle "EXT 2022"]
[Source "ChessBase"]
[SourceDate "2021.10.06"]
[SourceVersion "1"]
[SourceVersionDate "2021.10.06"]
[SourceQuality "1"]
[WhiteTeam "Waren ESV"]
[BlackTeam "Neubrandenburg SG Eintracht"]
[WhiteTeamCountry "GER"]
[BlackTeamCountry "GER"]

1. d4 d5 2. c4 e6 3. Nc3 Nf6 4. Bg5 Be7 5. e3 h6 6. Bxf6 Bxf6 7. Nf3 0-0 8. Qc2 b6 9. 0-0-0 Bb7 10. cxd5 exd5 11. g4 Bh4 12. Rg1 c6 13. Bd3 b5 14. Rg2 Na6 15. g5 hxg5 16. Nxh4 gxh4 17. Rdg1 Qf6 18. Qe2 Qh6 19. Rxg7+ Qxg7 20. Rxg7+ Kxg7 21. Qh5 Kf6 22. Qe5# 1-0

[Event "Mecklenburg VP LL2 Ost 1415"]
[Site "Mecklenburg VP"]
[Date "2014.09.21"]
[Round "1.2"]
[White "Schumacher, Albrecht"]
[Black "Van Bentum, Horst"]
[Result "1/2-1/2"]
[WhiteElo "1950"]
[BlackElo "2013"]
[PlyCount "36"]
[EventDate "2014.09.21"]
[EventType "team-tourn"]
[EventRounds "9"]
[EventCountry "GER"]
[SourceTitle "EXT 2022"]
[Source "ChessBase"]
[SourceDate "2021.10.06"]
[SourceVersion "1"]
[SourceVersionDate "2021.10.06"]
[SourceQuality "1"]
[WhiteTeam "Waren ESV"]
[BlackTeam "Graal Mueritz"]
[WhiteTeamCountry "GER"]
[BlackTeamCountry "GER"]

1. d4 Nf6 2. c4 e6 3. Nf3 b6 4. g3 Bb7 5. Bg2 Be7 6. Nc3 Ne4 7. Bd2 d6 8. d5 Nxc3 9. Bxc3 e5 10. 0-0 0-0 11. Nxe5 dxe5 12. d6 Bxg2 13. dxe7 Qxe7 14. Kxg2 Rd8 15. Qc2 Qe6 16. Qe4 Qc6 17. Qxc6 Nxc6 18. Rad1 f6 1/2-1/2

[Event "Mecklenburg VP LL2 Ost 1314"]
[Site "Mecklenburg VP"]
[Date "2013.12.15"]
[Round "4.2"]
[White "Schumacher, Albrecht"]
[Black "Onasch, Gunnar"]
[Result "1-0"]
[WhiteElo "1925"]
[BlackElo "1863"]
[PlyCount "61"]
[EventDate "2013.10.27"]
[EventType "team-tourn"]
[EventRounds "9"]
[EventCountry "GER"]
[SourceTitle "EXT 2022"]
[Source "ChessBase"]
[SourceDate "2021.10.06"]
[SourceVersion "1"]
[SourceVersionDate "2021.10.06"]
[SourceQuality "1"]
[WhiteTeam "Waren ESV"]
[BlackTeam "Waterkant Saal SV"]
[WhiteTeamCountry "GER"]
[BlackTeamCountry "GER"]

1. Nf3 Nf6 2. c4 g6 3. Nc3 Bg7 4. d4 d6 5. e4 0-0 6. Be2 e5 7. Be3 Nc6 8. d5 Ne7 9. Nd2 Nd7 10. 0-0 f5 11. f3 Kh8 12. b4 a5 13. bxa5 Rxa5 14. Nb3 Ra8 15. c5 b6 16. c6 Nc5 17. Nxc5 bxc5 18. a4 Ng8 19. a5 Ba6 20. Qd2 f4 21. Bf2 Qc8 22. Rfb1 Nf6 23. Be1 g5 24. Bxa6 Qxa6 25. Rb7 Rfc8 26. Nb5 Ne8 27. Rb1 Kg8 28. g3 Bf6 29. Qg2 Rab8 30. Nxc7 Rxb7 31. cxb7 1-0

[Event "Mecklenburg VP LL2 Ost 1314"]
[Site "Mecklenburg VP"]
[Date "2013.11.10"]
[Round "2.2"]
[White "Schumacher, Albrecht"]
[Black "Pawlick, Helmut"]
[Result "1-0"]
[WhiteElo "1925"]
[BlackElo "1871"]
[PlyCount "111"]
[EventDate "2013.10.27"]
[EventType "team-tourn"]
[EventRounds "9"]
[EventCountry "GER"]
[SourceTitle "EXT 2022"]
[Source "ChessBase"]
[SourceDate "2021.10.06"]
[SourceVersion "1"]
[SourceVersionDate "2021.10.06"]
[SourceQuality "1"]
[WhiteTeam "Waren ESV"]
[BlackTeam "Bergen Rugia"]
[WhiteTeamCountry "GER"]
[BlackTeamCountry "GER"]

1. d4 Nf6 2. c4 e6 3. Nf3 c5 4. g3 d5 5. Bg2 Nc6 6. 0-0 cxd4 7. Nxd4 Be7 8. Nc3 0-0 9. cxd5 exd5 10. Bf4 a6 11. Rc1 Qb6 12. Nxc6 bxc6 13. Na4 Qb5 14. Qc2 Bd7 15. Be3 Rab8 16. b3 Rfe8 17. Bf3 Ba3 18. Rcd1 Bg4 19. Nc3 Qb7 20. Bf4 Rbc8 21. Bxg4 Nxg4 22. e4 Bb4 23. f3 Qa7+ 24. Kh1 Nf6 25. Bg5 Nd7 26. Rfe1 Ne5 27. Rf1 f6 28. Bc1 d4 29. Nb1 d3 30. Qg2 Rcd8 31. Bd2 a5 32. Nc3 Qd4 33. Rc1 Ba3 34. Rce1 Bb2 35. Na4 Ba3 36. Bxa5 Ra8 37. Bc3 Qd6 38. Rd1 Red8 39. Bxe5 Qxe5 40. Nb6 Ra6 41. Nc4 Qb5 42. Nxa3 Rxa3 43. Rd2 Qc5 44. Qf2 Qc3 45. Rfd1 c5 46. Qe3 Qb4 47. Rxd3 Rxd3 48. Qxd3 Rxa2 49. Qd5+ Kf8 50. e5 Ra7 51. Qd6+ Re7 52. exf6 gxf6 53. Qxf6+ Ke8 54. Qh8+ Kf7 55. Qxh7+ Ke6 56. Qg6+ 1-0

[Event "Mecklenburg VP LL2 Ost 1314"]
[Site "Mecklenburg VP"]
[Date "2013.10.27"]
[Round "1.2"]
[White "Schumacher, Albrecht"]
[Black "Schumann, Lutz"]
[Result "1-0"]
[WhiteElo "1925"]
[BlackElo "1838"]
[PlyCount "75"]
[EventDate "2013.10.27"]
[EventType "team-tourn"]
[EventRounds "9"]
[EventCountry "GER"]
[SourceTitle "EXT 2022"]
[Source "ChessBase"]
[SourceDate "2021.10.06"]
[SourceVersion "1"]
[SourceVersionDate "2021.10.06"]
[SourceQuality "1"]
[WhiteTeam "Waren ESV"]
[BlackTeam "Graal Mueritz"]
[WhiteTeamCountry "GER"]
[BlackTeamCountry "GER"]

1. d4 Nf6 2. c4 g6 3. Nc3 Bg7 4. e4 d6 5. Nf3 0-0 6. Be2 Nc6 7. d5 Nb4 8. a3 Na6 9. Qc2 c6 10. 0-0 cxd5 11. cxd5 Nc5 12. Be3 Bg4 13. b4 Ncd7 14. Rac1 Rc8 15. Qb3 Bxf3 16. gxf3 a6 17. a4 Ne5 18. a5 Qd7 19. Kg2 e6 20. Rfd1 Qe7 21. dxe6 fxe6 22. b5 axb5 23. Nxb5 d5 24. f4 Nxe4 25. fxe5 Bxe5 26. Rxc8 Rxc8 27. Rc1 Rf8 28. f4 Bg7 29. Bf3 Nd6 30. Bc5 Rxf4 31. Bxd6 Qg5+ 32. Kh1 Rxf3 33. Rc8+ Rf8 34. Bxf8 Bxf8 35. Qf3 Qf5 36. Qxf5 gxf5 37. Nd6 Kg7 38. Nxb7 1-0

[Event "Mecklenburg VP LL2 Ost 1213"]
[Site "Mecklenburg VP"]
[Date "2013.04.28"]
[Round "9.2"]
[White "Schumacher, Albrecht"]
[Black "Ballmann, Horst Gerhard"]
[Result "1-0"]
[WhiteElo "1941"]
[BlackElo "1741"]
[PlyCount "103"]
[EventDate "2012.10.14"]
[EventType "team-tourn"]
[EventRounds "9"]
[EventCountry "GER"]
[SourceTitle "EXT 2022"]
[Source "ChessBase"]
[SourceDate "2021.10.06"]
[SourceVersion "1"]
[SourceVersionDate "2021.10.06"]
[SourceQuality "1"]
[WhiteTeam "Waren ESV"]
[BlackTeam "Neubrandenburg SV Turbine"]
[WhiteTeamCountry "GER"]
[BlackTeamCountry "GER"]

1. d4 Nf6 2. c4 g6 3. Nc3 Bg7 4. e4 0-0 5. e5 Ne8 6. f4 d6 7. Nf3 Bg4 8. h3 Bxf3 9. Qxf3 Nc6 10. Be3 dxe5 11. dxe5 f6 12. Rd1 Qc8 13. exf6 Bxf6 14. Be2 Bh4+ 15. g3 Bf6 16. Qd5+ e6 17. Qd2 Nd6 18. 0-0 Bxc3 19. Qxc3 Ne4 20. Qe1 a5 21. Bf3 Nd6 22. Bc5 Nd8 23. b3 a4 24. Rf2 axb3 25. axb3 Re8 26. Kg2 Ra6 27. Bd4 c5 28. Bb2 Nf5 29. Rfd2 Nc6 30. Bxc6 Qxc6+ 31. Kf2 Nd4 32. Bxd4 cxd4 33. Rxd4 Qb6 34. Qe3 Ra2+ 35. R4d2 Qxe3+ 36. Kxe3 Ra3 37. Rb2 Rc8 38. Ke4 Rc7 39. Rd6 Kf7 40. Kd4 Ke7 41. c5 Ra1 42. Rd2 b5 43. cxb6 Kxd6 44. Ke4+ Kc6 45. bxc7 Re1+ 46. Re2 Rxe2+ 47. Kf3 Kxc7 48. Kxe2 Kd6 49. Ke3 e5 50. Ke4 exf4 51. Kxf4 h6 52. Ke4 1-0

[Event "Mecklenburg VP LL2 Ost 1213"]
[Site "Mecklenburg VP"]
[Date "2012.11.25"]
[Round "3.2"]
[White "Schumacher, Albrecht"]
[Black "Bohl, Stefan"]
[Result "1/2-1/2"]
[WhiteElo "1941"]
[BlackElo "1938"]
[PlyCount "42"]
[EventDate "2012.10.14"]
[EventType "team-tourn"]
[EventRounds "9"]
[EventCountry "GER"]
[SourceTitle "EXT 2022"]
[Source "ChessBase"]
[SourceDate "2021.10.06"]
[SourceVersion "1"]
[SourceVersionDate "2021.10.06"]
[SourceQuality "1"]
[WhiteTeam "Waren ESV"]
[BlackTeam "Bergen Rugia"]
[WhiteTeamCountry "GER"]
[BlackTeamCountry "GER"]

1. d4 d5 2. c4 e6 3. Nc3 Nf6 4. Bg5 Be7 5. e3 0-0 6. Nf3 b6 7. Be2 Bb7 8. 0-0 Nbd7 9. Rc1 c5 10. cxd5 Nxd5 11. Bxe7 Qxe7 12. Qa4 a6 13. Qa3 Rfc8 14. dxc5 Qxc5 15. Qa4 b5 16. Qh4 N7f6 17. a3 Nxc3 18. Rxc3 Qf8 19. Rfc1 Rxc3 20. Rxc3 Rc8 21. Qd4 Nd5 1/2-1/2

[Event "Mecklenburg VP VL 1112"]
[Site "Mecklenburg VP"]
[Date "2012.02.26"]
[Round "7.1"]
[White "Schumacher, Albrecht"]
[Black "Parashchenko, Oleg"]
[Result "0-1"]
[WhiteElo "1987"]
[BlackElo "2015"]
[PlyCount "72"]
[EventDate "2011.10.02"]
[EventType "team-tourn"]
[EventRounds "9"]
[EventCountry "GER"]
[SourceTitle "EXT 2022"]
[Source "ChessBase"]
[SourceDate "2021.10.06"]
[SourceVersion "1"]
[SourceVersionDate "2021.10.06"]
[SourceQuality "1"]
[WhiteTeam "Waren ESV"]
[BlackTeam "Greifswald II"]
[WhiteTeamCountry "GER"]
[BlackTeamCountry "GER"]

1. d4 d5 2. c4 e6 3. Nc3 c5 4. cxd5 exd5 5. Nf3 Nc6 6. g3 Nf6 7. Bg2 Be7 8. 0-0 0-0 9. Bg5 cxd4 10. Nxd4 h6 11. Bxf6 Bxf6 12. e3 Be6 13. Nxe6 fxe6 14. Rc1 Qe7 15. Qe2 Rad8 16. Rfd1 Kh8 17. Qc2 Be5 18. b3 a6 19. Ne2 Bd6 20. Nf4 Bxf4 21. exf4 Qa3 22. Re1 Rd6 23. Qd2 d4 24. Be4 Rfd8 25. Bd3 Nb4 26. Bc4 Rc8 27. Rb1 Rcc6 28. f5 exf5 29. Re8+ Kh7 30. Bg8+ Kg6 31. h4 Qxa2 32. h5+ Kf6 33. Rbe1 Qxd2 34. Rf8+ Kg5 35. Re7 g6 36. Re5 Nd3 0-1

[Event "Mecklenburg VP VL 1112"]
[Site "Mecklenburg VP"]
[Date "2012.01.15"]
[Round "5.1"]
[White "Schumacher, Albrecht"]
[Black "Ruesch, Hans Joachim"]
[Result "0-1"]
[WhiteElo "1987"]
[BlackElo "1990"]
[PlyCount "78"]
[EventDate "2011.10.02"]
[EventType "team-tourn"]
[EventRounds "9"]
[EventCountry "GER"]
[SourceTitle "EXT 2022"]
[Source "ChessBase"]
[SourceDate "2021.10.06"]
[SourceVersion "1"]
[SourceVersionDate "2021.10.06"]
[SourceQuality "1"]
[WhiteTeam "Waren ESV"]
[BlackTeam "Warnemuende SF Ostsee"]
[WhiteTeamCountry "GER"]
[BlackTeamCountry "GER"]

1. d4 g6 2. c4 Bg7 3. e4 d6 4. Nc3 Nc6 5. Be3 e5 6. Nge2 Nh6 7. d5 Ne7 8. f3 f5 9. Qd2 Nf7 10. 0-0-0 a6 11. Kb1 0-0 12. Nc1 b6 13. Be2 Bd7 14. b4 Qb8 15. Nb3 a5 16. a3 axb4 17. axb4 Ra3 18. Qb2 Ra7 19. Kc2 Bh6 20. Bf2 fxe4 21. fxe4 c6 22. dxc6 Nd8 23. Rhf1 Ndxc6 24. b5 Nd8 25. Bg1 Rxf1 26. Rxf1 Ne6 27. Ra1 Nc5 28. Nxc5 dxc5 29. Nd5 Nxd5 30. cxd5 Rxa1 31. Qxa1 Qd8 32. Qxe5 Bg7 33. Qd6 Qa8 34. e5 Bf5+ 35. Kb3 Qa1 36. Bd3 c4+ 37. Kxc4 Qa4+ 38. Kc3 Bxe5+ 39. Qxe5 Qa1+ 0-1

[Event "Mecklenburg VP LL2 Ost 0708"]
[Site "Mecklenburg VP"]
[Date "2007.12.09"]
[Round "4.2"]
[White "Schumacher, Albrecht"]
[Black "Onasch, Gunnar"]
[Result "1/2-1/2"]
[WhiteElo "2035"]
[BlackElo "1852"]
[PlyCount "82"]
[EventDate "2007.10.21"]
[EventType "team-tourn"]
[EventRounds "9"]
[EventCountry "GER"]
[SourceTitle "EXT 2016"]
[Source "ChessBase"]
[SourceDate "2015.10.08"]
[SourceVersion "1"]
[SourceVersionDate "2015.10.08"]
[SourceQuality "1"]
[WhiteTeam "Waren"]
[BlackTeam "Saal Waterkant"]
[WhiteTeamCountry "GER"]
[BlackTeamCountry "GER"]

1. d4 Nf6 2. c4 c5 3. d5 e6 4. Nc3 exd5 5. cxd5 d6 6. e4 g6 7. Bd3 Bg7 8. Nge2 0-0 9. 0-0 Re8 10. h3 Nbd7 11. f4 c4 12. Bxc4 Nxe4 13. Nxe4 Rxe4 14. Bd3 Re8 15. Nc3 Nc5 16. Bc2 f5 17. Re1 Bd7 18. Rxe8+ Qxe8 19. Bd2 Bb5 20. Qf3 Bd4+ 21. Kh2 Bxc3 22. Bxc3 Qe2 23. Qxe2 Bxe2 24. Re1 Re8 25. b4 Na6 26. Bd3 Re3 27. Bxe2 Rxc3 28. Bxa6 bxa6 29. Re6 Ra3 30. Rxd6 Kf8 31. Rd7 Rxa2 32. Rxh7 Rb2 33. Rxa7 Rxb4 34. Rxa6 Kf7 35. Kg3 Rd4 36. Rd6 Kg7 37. Kf3 Rd1 38. Kf2 Rd4 39. Kf3 Rd1 40. Kg3 Rd4 41. Kf3 Rd1 1/2-1/2

[Event "Regionalliga NO 9899"]
[Site "Bayern"]
[Date "1999.??.??"]
[Round "9.7"]
[White "Stuermer, Martin"]
[Black "Schumacher, Albrecht"]
[Result "0-1"]
[WhiteElo "1900"]
[BlackElo "2080"]
[PlyCount "108"]
[EventDate "1998.??.??"]
[EventType "team-tourn"]
[EventRounds "9"]
[EventCountry "GER"]
[SourceTitle "EXT 2020"]
[Source "ChessBase"]
[SourceDate "2019.10.17"]
[SourceVersion "1"]
[SourceVersionDate "2019.10.17"]
[SourceQuality "1"]
[WhiteTeam "Postbauer"]
[BlackTeam "Koetzting"]
[WhiteTeamCountry "GER"]
[BlackTeamCountry "GER"]

1. Nf3 d5 2. c4 e6 3. e3 Nf6 4. Nc3 Be7 5. Be2 c5 6. d4 cxd4 7. exd4 dxc4 8. Bxc4 Nc6 9. 0-0 0-0 10. h3 b6 11. Be3 Bb7 12. Qe2 Nb4 13. Rac1 Rc8 14. a3 Bxf3 15. gxf3 Nbd5 16. Ne4 Nh5 17. Bxd5 Qxd5 18. Qa6 Qd7 19. Kg2 Nf6 20. Nc3 Bd6 21. a4 Bb8 22. Qb5 Qd6 23. f4 g6 24. Rfd1 Nh5 25. Ne2 Qe7 26. d5 Qb7 27. Kg1 Rxc1 28. Rxc1 exd5 29. Rd1 Rd8 30. a5 Bc7 31. a6 Qc8 32. Rxd5 Rxd5 33. Qxd5 Qxa6 34. Qa8+ Kg7 35. Bd4+ f6 36. Qe8 Qc4 37. f5 Qf7 38. Qa8 gxf5 39. Kf1 Be5 40. Qg2+ Kh6 41. Qf3 Bxd4 42. Nxd4 Qc4+ 43. Ne2 Qe4 44. Qa3 f4 45. Ng1 a5 46. Nf3 Ng7 47. Qc3 Qf5 48. Nh4 Qe5 49. Qb3 b5 50. Nf3 Qe4 51. Nd2 Qf5 52. Kg2 Ne6 53. Nf3 Ng5 54. h4 Qh3+ 0-1